[Event "Muensterland Regionalliga 1819"]
[Site "Germany"]
[Date "2019.05.11"]
[Round "9.8"]
[White "Emunds, Hans Georg"]
[Black "Schmitz, Carolin"]
[Result "1-0"]
[WhiteElo "2064"]
[BlackElo "1653"]
[PlyCount "63"]
[EventDate "2018.09.08"]
[EventType "team-tourn"]
[EventRounds "9"]
[EventCountry "GER"]
[SourceTitle "EXT 2020"]
[Source "ChessBase"]
[SourceDate "2019.10.17"]
[SourceVersion "1"]
[SourceVersionDate "2019.10.17"]
[SourceQuality "1"]
[WhiteTeam "Muenster II"]
[BlackTeam "Steinfurt"]
[WhiteTeamCountry "GER"]
[BlackTeamCountry "GER"]

1. b4 d5 2. Bb2 e6 3. e3 Nf6 4. b5 Bd6 5. Nf3 0-0 6. c4 c6 7. a4 Nbd7 8. Nc3 Nb6 9. d3 cxb5 10. cxb5 Nbd7 11. Be2 b6 12. 0-0 Bb7 13. a5 bxa5 14. Nd4 Rc8 15. Na4 Nb6 16. Qb3 Nfd7 17. Rfc1 Qg5 18. Ba3 Bxa3 19. Qxa3 Nxa4 20. Qxa4 Rxc1+ 21. Rxc1 Qd8 22. Nb3 Nb8 23. Qxa5 a6 24. Rc7 Bc8 25. b6 Qd6 26. d4 Nc6 27. Qc5 Qxc5 28. Nxc5 Na5 29. b7 Nxb7 30. Nxb7 Bxb7 31. Rxb7 Ra8 32. Bxa6 1-0

[Event "Muensterland Regionalliga 1819"]
[Site "Germany"]
[Date "2018.11.10"]
[Round "3.8"]
[White "Bilecen, Simon"]
[Black "Emunds, Hans Georg"]
[Result "1/2-1/2"]
[WhiteElo "1868"]
[BlackElo "2064"]
[PlyCount "74"]
[EventDate "2018.09.08"]
[EventType "team-tourn"]
[EventRounds "9"]
[EventCountry "GER"]
[SourceTitle "EXT 2020"]
[Source "ChessBase"]
[SourceDate "2019.10.17"]
[SourceVersion "1"]
[SourceVersionDate "2019.10.17"]
[SourceQuality "1"]
[WhiteTeam "Emsdetten Rochade"]
[BlackTeam "Muenster II"]
[WhiteTeamCountry "GER"]
[BlackTeamCountry "GER"]

1. d4 Nf6 2. Bf4 b6 3. e3 Bb7 4. Nf3 g6 5. Be2 Bg7 6. 0-0 0-0 7. Nbd2 d6 8. h3 Nbd7 9. c3 Re8 10. Qa4 e5 11. Bg5 a6 12. Rfd1 b5 13. Qa5 h6 14. Bxf6 Bxf6 15. dxe5 Nxe5 16. Nxe5 Bxe5 17. Bf3 Qc8 18. Bxb7 Qxb7 19. Nf3 Bg7 20. Rd2 Re4 21. Qa3 a5 22. Qb3 a4 23. Qc2 a3 24. Rb1 axb2 25. Rxb2 Rc4 26. Nd4 c6 27. Rb4 d5 28. Rxc4 bxc4 29. Qb2 Qxb2 30. Rxb2 Ra3 31. Rc2 Bxd4 32. exd4 f5 33. f4 Kf7 34. Kf2 g5 35. Ke3 Kg6 36. g4 Ra7 37. Kf3 Ra3 1/2-1/2

[Event "Muenster op 36th"]
[Site "Muenster"]
[Date "2018.10.13"]
[Round "2"]
[White "Eckert, Marius"]
[Black "Emunds, Hans Georg"]
[Result "1-0"]
[WhiteElo "1960"]
[BlackElo "2198"]
[PlyCount "39"]
[EventDate "2018.10.12"]
[EventType "swiss"]
[EventRounds "9"]
[EventCountry "GER"]
[SourceTitle "CBM 187 Extra"]
[Source "ChessBase"]
[SourceDate "2018.11.04"]
[SourceVersion "1"]
[SourceVersionDate "2018.11.04"]
[SourceQuality "1"]

1. d4 Nf6 2. Bf4 g6 3. Nc3 Bg7 4. e4 d6 5. Qd2 a6 6. 0-0-0 b5 7. f3 Nbd7 8. e5 Nh5 9. Bh6 dxe5 10. Bxg7 Nxg7 11. dxe5 Bb7 12. f4 Qc8 13. Nf3 Ne6 14. h4 Ndc5 15. Qe3 0-0 16. h5 Rd8 17. Rxd8+ Qxd8 18. hxg6 fxg6 19. f5 Bxf3 20. fxe6 1-0

[Event "Muensterland Regionalliga 1718"]
[Site "Germany"]
[Date "2017.09.30"]
[Round "2.5"]
[White "Emunds, Hans Georg"]
[Black "Bruemmer, Andreas"]
[Result "1-0"]
[WhiteElo "2100"]
[BlackElo "1935"]
[PlyCount "105"]
[EventDate "2017.09.02"]
[EventType "team-tourn"]
[EventRounds "9"]
[EventCountry "GER"]
[SourceTitle "EXT 2019"]
[Source "ChessBase"]
[SourceDate "2018.10.10"]
[SourceVersion "1"]
[SourceVersionDate "2018.10.10"]
[SourceQuality "1"]
[WhiteTeam "Muenster SK II"]
[BlackTeam "Rheine Klein Berlin"]
[WhiteTeamCountry "GER"]
[BlackTeamCountry "GER"]

1. e4 d6 2. d4 Nf6 3. Nc3 e5 4. Nf3 Nbd7 5. Bc4 Be7 6. 0-0 0-0 7. a4 a5 8. h3 c6 9. Qe2 Qc7 10. Be3 h6 11. Rad1 Re8 12. Ba2 Nf8 13. Qc4 Ne6 14. d5 cxd5 15. Nxd5 Nxd5 16. exd5 Qxc4 17. Bxc4 Ng5 18. Nxe5 dxe5 19. d6 Bxd6 20. Rxd6 Be6 21. Bd3 Red8 22. Rxd8+ Rxd8 23. f4 exf4 24. Rxf4 Bxh3 25. Rd4 Rxd4 26. Bxd4 Bd7 27. b3 Ne6 28. Bb6 Bc6 29. g3 g5 30. Bxa5 h5 31. Bb6 Kg7 32. a5 h4 33. gxh4 gxh4 34. Be3 f6 35. b4 Ng5 36. b5 Bd7 37. c4 Nf3+ 38. Kf2 Ne5 39. Be2 Kg6 40. c5 Bc8 41. c6 Nxc6 42. bxc6 bxc6 43. a6 Kf5 44. a7 Bb7 45. Ba6 Ba8 46. Bc5 Ke5 47. Bc4 Ke4 48. Kg2 Kf4 49. Kh3 Kf3 50. Kxh4 f5 51. Kg5 Ke4 52. Kf6 f4 53. Ke6 1-0

[Event "NRW Class2 1617"]
[Site "Germany"]
[Date "2017.03.05"]
[Round "7.1"]
[White "Emunds, Hans Georg"]
[Black "Tkachuk, Konstantyn"]
[Result "0-1"]
[WhiteElo "2227"]
[BlackElo "2265"]
[PlyCount "80"]
[EventDate "2016.09.25"]
[EventType "team-tourn"]
[EventRounds "9"]
[EventCountry "GER"]
[SourceTitle "EXT 2023"]
[Source "ChessBase"]
[SourceDate "2022.10.05"]
[SourceVersion "1"]
[SourceVersionDate "2022.10.05"]
[SourceQuality "1"]
[WhiteTeam "Muenster SK II"]
[BlackTeam "Bochum SG II"]
[WhiteTeamCountry "GER"]
[BlackTeamCountry "GER"]

1. e4 c5 2. b3 e6 3. Bb2 d5 4. exd5 exd5 5. d4 Nf6 6. Nf3 Nc6 7. Be2 Be7 8. 0-0 0-0 9. dxc5 Bxc5 10. Nd4 Ne4 11. Nxc6 bxc6 12. Nc3 Qh4 13. Nxe4 dxe4 14. Qe1 Rd8 15. Rd1 Rxd1 16. Bxd1 Qe7 17. Qc3 f5 18. Be2 Be6 19. Bc4 Bd5 20. Rd1 Rd8 21. Bxd5+ cxd5 22. Qe5 Qxe5 23. Bxe5 Kf7 24. Kf1 g6 25. Bd4 Rc8 26. Bxc5 Rxc5 27. Rd2 Ke6 28. Ke2 Ke5 29. Kd1 g5 30. Re2 g4 31. Kd2 Rc6 32. Re1 d4 33. Rh1 f4 34. Rc1 e3+ 35. Ke2 f3+ 36. gxf3 gxf3+ 37. Kxf3 Rf6+ 38. Kg3 Rxf2 39. a4 Ke4 40. b4 Rf6 0-1

[Event "NRW Class2 1617"]
[Site "Germany"]
[Date "2016.12.11"]
[Round "4.1"]
[White "Schienmann, Bruno"]
[Black "Emunds, Hans Georg"]
[Result "1-0"]
[WhiteElo "2300"]
[BlackElo "2227"]
[PlyCount "33"]
[EventDate "2016.09.25"]
[EventType "team-tourn"]
[EventRounds "9"]
[EventCountry "GER"]
[SourceTitle "EXT 2023"]
[Source "ChessBase"]
[SourceDate "2022.10.05"]
[SourceVersion "1"]
[SourceVersionDate "2022.10.05"]
[SourceQuality "1"]
[WhiteTeam "Niederkassel"]
[BlackTeam "Muenster SK II"]
[WhiteTeamCountry "GER"]
[BlackTeamCountry "GER"]

1. d4 Nf6 2. c4 e6 3. Nc3 Bb4 4. e3 d5 5. a3 Be7 6. Nf3 0-0 7. Bd3 dxc4 8. Bxc4 c5 9. 0-0 Nbd7 10. Re1 Nb6 11. Ba2 cxd4 12. exd4 Nbd5 13. Qd3 b6 14. Ne5 Bb7 15. Bg5 Nd7 16. Bxd5 Bxd5 17. Bxe7 1-0

[Event "Oberliga NRW 1516"]
[Site "Germany"]
[Date "2016.04.03"]
[Round "8.7"]
[White "Emunds, Hans Georg"]
[Black "Wagenknecht, Uwe"]
[Result "0-1"]
[WhiteElo "2155"]
[BlackElo "2161"]
[PlyCount "76"]
[EventDate "2015.09.27"]
[EventType "team-tourn"]
[EventRounds "9"]
[EventCountry "GER"]
[SourceTitle "EXT 2017"]
[Source "ChessBase"]
[SourceDate "2016.10.25"]
[SourceVersion "1"]
[SourceVersionDate "2016.10.25"]
[SourceQuality "1"]
[WhiteTeam "Muenster"]
[BlackTeam "Koeln Porz II"]
[WhiteTeamCountry "GER"]
[BlackTeamCountry "GER"]

1. e4 c5 2. Nf3 g6 3. d4 cxd4 4. Nxd4 Bg7 5. c4 Nc6 6. Be3 Nf6 7. Nc3 Qa5 8. Nb3 Qc7 9. Rc1 b6 10. f3 0-0 11. Qd2 Ba6 12. Be2 Rac8 13. 0-0 Qb7 14. Nd5 e6 15. Nxf6+ Bxf6 16. f4 d6 17. Rfd1 Rfd8 18. Bf3 Qe7 19. Qf2 Nb4 20. a3 Nc6 21. Rc2 Rc7 22. g4 g5 23. Be2 gxf4 24. Qxf4 Ne5 25. g5 Bg7 26. Rdc1 Rdc8 27. c5 Bxe2 28. cxd6 Qxd6 29. Rxe2 Rxc1+ 30. Nxc1 Rc4 31. Rf2 Qd1+ 32. Kg2 Rc2 33. h3 Rxf2+ 34. Bxf2 Qc2 35. b3 Qc3 36. a4 Qc2 37. Qe3 Bf8 38. Ne2 Bc5 0-1

[Event "NRW Class1 1415"]
[Site "Germany"]
[Date "2014.11.16"]
[Round "3.1"]
[White "Lupor, Stefan"]
[Black "Emunds, Hans Georg"]
[Result "1/2-1/2"]
[WhiteElo "2219"]
[BlackElo "2128"]
[PlyCount "161"]
[EventDate "2014.09.14"]
[EventType "team-tourn"]
[EventRounds "9"]
[EventCountry "GER"]
[SourceTitle "EXT 2017"]
[Source "ChessBase"]
[SourceDate "2016.10.25"]
[SourceVersion "1"]
[SourceVersionDate "2016.10.25"]
[SourceQuality "1"]
[WhiteTeam "Ennepe Ruhr Sued"]
[BlackTeam "Muenster II"]
[WhiteTeamCountry "GER"]
[BlackTeamCountry "GER"]

1. e4 c5 2. Nf3 Nc6 3. Bb5 g6 4. Bxc6 dxc6 5. d3 Bg4 6. h3 Bxf3 7. Qxf3 Bg7 8. 0-0 e6 9. Nd2 Ne7 10. Nc4 0-0 11. Rb1 Nc8 12. Be3 b6 13. Bf4 f6 14. Rfd1 e5 15. Be3 Nd6 16. c3 Nxc4 17. dxc4 Qe7 18. Rd3 Rad8 19. Rbd1 Rxd3 20. Rxd3 Rd8 21. Qd1 Rxd3 22. Qxd3 Bf8 23. Qd1 Kf7 24. Qa4 Qd7 25. Qc2 h5 26. a4 Qe6 27. Qd3 Qd6 28. Qe2 Qd7 29. Bd2 a6 30. Be3 Be7 31. Qc2 Qe6 32. b3 Qd7 33. Kf1 Bf8 34. Ke2 Be7 35. Qa2 Qe6 36. Qc2 Bf8 37. Kd1 Qd7+ 38. Kc1 Be7 39. Qe2 Qe6 40. Kb2 Bd6 41. g4 hxg4 42. hxg4 Be7 43. f3 Bf8 44. Kc2 Kg8 45. Qd2 Qd6 46. Qf2 b5 47. axb5 axb5 48. Qe2 Qd7 49. cxb5 cxb5 50. c4 Qa7 51. Bc1 b4 52. Qd3 Qc7 53. Qd5+ Kg7 54. Bb2 g5 55. Bc1 Bd6 56. Qe6 Qe7 57. Qf5 Qd8 58. Be3 Be7 59. Qe6 Bd6 60. Qd5 Qe7 61. Qc6 Kh7 62. Kd1 Kg7 63. Ke2 Kh7 64. Kf1 Kg7 65. Kg2 Kh7 66. Bc1 Kg7 67. Bb2 Kh7 68. Qd5 Kg7 69. Qc6 Kh7 70. Qc8 Kg7 71. Qf5 Kh6 72. f4 gxf4 73. Bc1 Kg7 74. Bd2 Kh6 75. Be1 Bc7 76. Qc8 Kg7 77. Bf2 Bd6 78. Kf3 Bc7 79. Ke2 Qd6 80. Bg1 Qe7 81. Bf2 1/2-1/2

[Event "Oberliga NRW 1314"]
[Site "Germany"]
[Date "2014.04.06"]
[Round "8.5"]
[White "Bus, Tom"]
[Black "Emunds, Hans Georg"]
[Result "1-0"]
[WhiteElo "2079"]
[BlackElo "2203"]
[PlyCount "72"]
[EventDate "2013.09.15"]
[EventType "team-tourn"]
[EventRounds "9"]
[EventCountry "GER"]
[SourceTitle "EXT 2015"]
[Source "ChessBase"]
[SourceDate "2014.11.20"]
[SourceVersion "1"]
[SourceVersionDate "2014.11.20"]
[SourceQuality "1"]
[WhiteTeam "Muelheim II"]
[BlackTeam "Muenster"]
[WhiteTeamCountry "GER"]
[BlackTeamCountry "GER"]

1. c4 b6 2. Nc3 Bb7 3. e4 e6 4. Nge2 Nf6 5. d3 c5 6. g3 d5 7. exd5 exd5 8. Bg2 Qd7 9. Nf4 dxc4 10. Bxb7 Qxb7 11. 0-0 Be7 12. Re1 0-0 13. dxc4 Nc6 14. Nfd5 Nxd5 15. Nxd5 Rad8 16. Qf3 Rd7 17. Bd2 Nb4 18. Bxb4 cxb4 19. Rad1 Kh8 20. Qf5 g6 21. Qe5+ f6 22. Qe6 Bc5 23. h4 Rd6 24. Qe4 Qd7 25. Kg2 Qg7 26. b3 f5 27. Qf4 Rdd8 28. Re6 Rde8 29. Rde1 Rxe6 30. Rxe6 Qb2 31. h5 g5 32. Qe5+ Qxe5 33. Rxe5 Kg7 34. Re6 h6 35. Rg6+ Kh7 36. Nf6+ Kh8 1-0

[Event "Oberliga NRW 1314"]
[Site "Germany"]
[Date "2013.12.08"]
[Round "4.2"]
[White "Emunds, Hans Georg"]
[Black "Wegerle, Joerg"]
[Result "1/2-1/2"]
[WhiteElo "2203"]
[BlackElo "2407"]
[PlyCount "122"]
[EventDate "2013.09.15"]
[EventType "team-tourn"]
[EventRounds "9"]
[EventCountry "GER"]
[SourceTitle "EXT 2015"]
[Source "ChessBase"]
[SourceDate "2014.11.20"]
[SourceVersion "1"]
[SourceVersionDate "2014.11.20"]
[SourceQuality "1"]
[WhiteTeam "Muenster"]
[BlackTeam "Solingen II"]
[WhiteTeamCountry "GER"]
[BlackTeamCountry "GER"]

1. e4 c5 2. Nf3 a6 3. b3 Nc6 4. Bb2 d6 5. d4 cxd4 6. Nxd4 Bd7 7. g3 Nf6 8. Bg2 e6 9. 0-0 Be7 10. c4 0-0 11. Nc3 Rc8 12. Rc1 Qa5 13. Nxc6 Bxc6 14. Qe1 Bd8 15. a3 Qh5 16. Qd1 Qg6 17. Qxd6 Nxe4 18. Nxe4 Bxe4 19. Bxe4 Qxe4 20. Rfd1 Bg5 21. Rb1 Rfd8 22. Qe5 Qg6 23. Qe2 h6 24. Rxd8+ Rxd8 25. Rd1 Rxd1+ 26. Qxd1 Qe4 27. Bd4 e5 28. Bc5 f5 29. f3 Qc6 30. Qd5+ Qxd5 31. cxd5 Kf7 32. Kf2 Be7 33. b4 b5 34. Be3 h5 35. h3 g6 36. g4 Bh4+ 37. Ke2 Ke7 38. gxf5 gxf5 39. Bc5+ Kd7 40. Kd3 Bg5 41. Kc2 Bf4 42. Kd1 e4 43. fxe4 fxe4 44. Kc2 Be5 45. Kb3 e3 46. Kc2 e2 47. Kd2 Bb2 48. Kxe2 Bxa3 49. Kd3 a5 50. Kc3 h4 51. Kb3 Bxb4 52. Bxb4 axb4 53. Kxb4 Kd6 54. Kxb5 Kxd5 55. Kb4 Ke4 56. Kc3 Kf3 57. Kd2 Kg2 58. Ke2 Kxh3 59. Kf1 Kg3 60. Kg1 h3 61. Kh1 h2 1/2-1/2

[Event "Oberliga NRW 1314"]
[Site "Germany"]
[Date "2013.11.17"]
[Round "3.2"]
[White "Emunds, Hans Georg"]
[Black "Kuipers, Stefan"]
[Result "1/2-1/2"]
[WhiteElo "2203"]
[BlackElo "2391"]
[PlyCount "48"]
[EventDate "2013.09.15"]
[EventType "team-tourn"]
[EventRounds "9"]
[EventCountry "GER"]
[SourceTitle "EXT 2015"]
[Source "ChessBase"]
[SourceDate "2014.11.20"]
[SourceVersion "1"]
[SourceVersionDate "2014.11.20"]
[SourceQuality "1"]
[WhiteTeam "Muenster"]
[BlackTeam "Emsdetten Turm II"]
[WhiteTeamCountry "GER"]
[BlackTeamCountry "GER"]

1. e4 e6 2. d4 d5 3. Nd2 Be7 4. Ngf3 Nf6 5. Bd3 c5 6. exd5 Nxd5 7. Nb3 cxd4 8. Nbxd4 0-0 9. 0-0 Nb4 10. Be2 Bf6 11. c3 Nd5 12. c4 Ne7 13. Nb5 Nbc6 14. Qb3 Nf5 15. Rd1 Qe7 16. Bd3 a6 17. Bxf5 axb5 18. Be4 bxc4 19. Qxc4 Bd7 20. Be3 Na5 21. Qc5 Bc6 22. Bxc6 Nxc6 23. Qxe7 Nxe7 24. Bd4 Bxd4 1/2-1/2

[Event "Oberliga NRW 1314"]
[Site "Germany"]
[Date "2013.10.06"]
[Round "2.4"]
[White "Mundorf, Johannes"]
[Black "Emunds, Hans Georg"]
[Result "1-0"]
[WhiteElo "2208"]
[BlackElo "2203"]
[PlyCount "43"]
[EventDate "2013.09.15"]
[EventType "team-tourn"]
[EventRounds "9"]
[EventCountry "GER"]
[SourceTitle "EXT 2015"]
[Source "ChessBase"]
[SourceDate "2014.11.20"]
[SourceVersion "1"]
[SourceVersionDate "2014.11.20"]
[SourceQuality "1"]
[WhiteTeam "Dinslaken"]
[BlackTeam "Muenster"]
[WhiteTeamCountry "GER"]
[BlackTeamCountry "GER"]

1. Nf3 Nf6 2. g3 b5 3. Bg2 Bb7 4. Na3 a6 5. c4 c6 6. 0-0 e6 7. b3 Qa5 8. Nc2 c5 9. d4 bxc4 10. Nd2 Bxg2 11. Nxc4 Qc7 12. Kxg2 d5 13. Bf4 Qd8 14. Ne5 Nbd7 15. Nxd7 Qxd7 16. Rc1 Rc8 17. Ne1 cxd4 18. Rxc8+ Qxc8 19. Qxd4 Bc5 20. Qa4+ Qd7 21. Qxa6 0-0 22. Nd3 1-0

[Event "NRW Class2 1112"]
[Site "Germany"]
[Date "2012.02.05"]
[Round "6.1"]
[White "Hagemann, Elmar"]
[Black "Emunds, Hans Georg"]
[Result "1/2-1/2"]
[WhiteElo "2090"]
[BlackElo "2179"]
[PlyCount "89"]
[EventDate "2011.09.18"]
[EventType "team-tourn"]
[EventRounds "9"]
[EventCountry "GER"]
[SourceTitle "EXT 2015"]
[Source "ChessBase"]
[SourceDate "2014.11.20"]
[SourceVersion "1"]
[SourceVersionDate "2014.11.20"]
[SourceQuality "1"]
[WhiteTeam "Sendenhorst"]
[BlackTeam "Muenster SK II"]
[WhiteTeamCountry "GER"]
[BlackTeamCountry "GER"]

1. e4 c5 2. Nf3 Nc6 3. d4 cxd4 4. Nxd4 g6 5. c4 Bg7 6. Be3 Nf6 7. Nc3 0-0 8. Be2 d6 9. 0-0 Bd7 10. Qd2 Nxd4 11. Bxd4 Bc6 12. f3 Nd7 13. Be3 a5 14. b3 Nc5 15. Rab1 f5 16. exf5 gxf5 17. Nd5 Bxd5 18. Qxd5+ e6 19. Qd2 Qc7 20. Rfd1 Rad8 21. Kh1 Rd7 22. Bf1 Kh8 23. Qf2 Rff7 24. Qe1 Rf6 25. Rbc1 Rg6 26. Rc2 b6 27. Re2 Qc6 28. Rf2 Qc7 29. g3 Rf6 30. Bh3 Qc6 31. Bg5 Rg6 32. Bf4 Rf6 33. Bg5 Rff7 34. Qe3 Kg8 35. Bg2 Qc7 36. Rfd2 Qc6 37. h4 Bf8 38. Kh2 Bg7 39. h5 Bf8 40. h6 d5 41. Bh4 f4 42. gxf4 Bxh6 43. cxd5 Rxd5 44. Bg5 Bxg5 45. fxg5 1/2-1/2

[Event "NRW Class2 1011"]
[Site "Germany"]
[Date "2011.04.03"]
[Round "9.1"]
[White "Emunds, Hans Georg"]
[Black "Klug, Wolfgang"]
[Result "1/2-1/2"]
[WhiteElo "2210"]
[BlackElo "2056"]
[PlyCount "116"]
[EventDate "2010.09.26"]
[EventType "team-tourn"]
[EventRounds "9"]
[EventCountry "GER"]
[SourceTitle "EXT 2012"]
[Source "ChessBase"]
[SourceDate "2011.11.24"]
[SourceVersion "1"]
[SourceVersionDate "2011.11.24"]
[SourceQuality "1"]
[WhiteTeam "Muenster II"]
[BlackTeam "Schwerte"]
[WhiteTeamCountry "GER"]
[BlackTeamCountry "GER"]

1. e4 c5 2. Nf3 g6 3. d4 cxd4 4. Nxd4 Nc6 5. c4 Nf6 6. Nc3 d6 7. Be2 Nxd4 8. Qxd4 Bg7 9. Be3 0-0 10. Qd2 Be6 11. Rc1 Qa5 12. f3 Rfc8 13. b3 a6 14. Na4 Qxd2+ 15. Kxd2 Nd7 16. Rc2 b5 17. cxb5 Rxc2+ 18. Kxc2 axb5 19. Bxb5 Nc5 20. Rd1 f5 21. Bxc5 dxc5 22. Bd7 Bxd7 23. Rxd7 fxe4 24. fxe4 Kf7 25. Kd3 Be5 26. Rd5 Bxh2 27. Rxc5 Bd6 28. Rc2 h5 29. Nb6 Rg8 30. Nc4 h4 31. e5 Bc5 32. Ke4 g5 33. Kd5 Bg1 34. Rc1 Rd8+ 35. Ke4 Bh2 36. b4 Ke6 37. Ne3 Bxe5 38. Rc6+ Bd6 39. Nf5 Rf8 40. Nxd6 Rf4+ 41. Ke3 exd6 42. Rb6 Ke5 43. Rb8 Re4+ 44. Kf2 Rc4 45. a4 Rc2+ 46. Kf3 Rc3+ 47. Kf2 Kf4 48. Rf8+ Kg4 49. Rf3 Rc2+ 50. Kg1 Rb2 51. b5 Ra2 52. Rd3 Rxa4 53. Rxd6 Rb4 54. b6 Rb3 55. Kh2 Rb4 56. Rf6 Rb1 57. Rc6 Rb4 58. Rf6 Rb1 1/2-1/2

[Event "NRW Class2 1011"]
[Site "Germany"]
[Date "2011.02.20"]
[Round "7.1"]
[White "Emunds, Hans Georg"]
[Black "Forchert, Martin"]
[Result "0-1"]
[WhiteElo "2210"]
[BlackElo "2420"]
[PlyCount "68"]
[EventDate "2010.09.26"]
[EventType "team-tourn"]
[EventRounds "9"]
[EventCountry "GER"]
[SourceTitle "EXT 2012"]
[Source "ChessBase"]
[SourceDate "2011.11.24"]
[SourceVersion "1"]
[SourceVersionDate "2011.11.24"]
[SourceQuality "1"]
[WhiteTeam "Muenster II"]
[BlackTeam "Bielefeld"]
[WhiteTeamCountry "GER"]
[BlackTeamCountry "GER"]

1. e4 d5 2. exd5 Qxd5 3. Nc3 Qa5 4. d4 Nf6 5. Nf3 c6 6. Bc4 Bf5 7. Bd2 e6 8. Ne4 Qb6 9. Ng3 Bg4 10. c3 Nbd7 11. Bb3 a5 12. 0-0 h5 13. h3 h4 14. hxg4 hxg3 15. fxg3 a4 16. Bc4 Nxg4 17. Qe2 Be7 18. Rae1 Ndf6 19. Bg5 0-0-0 20. Bxf6 Bxf6 21. Bxe6+ fxe6 22. Qxe6+ Kb8 23. Qxg4 Qxb2 24. Qf4+ Ka8 25. Qd2 Qb5 26. g4 g5 27. Rb1 Qd5 28. Qc2 Qc4 29. Rb4 Rh1+ 30. Kxh1 Qxf1+ 31. Kh2 Be7 32. Rxa4+ Kb8 33. Qe4 Bd6+ 34. Ne5 Qf2 0-1

[Event "GER Cup final"]
[Site "Halle"]
[Date "2010.05.14"]
[Round "4"]
[White "Emunds, Hans Georg"]
[Black "Keskowski, Thilo"]
[Result "1/2-1/2"]
[WhiteElo "2220"]
[BlackElo "2164"]
[PlyCount "39"]
[EventDate "2010.05.13"]
[EventType "swiss"]
[EventRounds "5"]
[EventCountry "GER"]
[SourceTitle "CBM 136 Extra"]
[Source "ChessBase"]
[SourceDate "2010.07.02"]
[SourceVersion "2"]
[SourceVersionDate "2010.07.15"]
[SourceQuality "1"]

1. e4 e6 2. d4 d5 3. Nd2 c5 4. Ngf3 cxd4 5. exd5 Qxd5 6. Bc4 Qd6 7. 0-0 Nf6 8. Nb3 Nc6 9. Nbxd4 Nxd4 10. Qxd4 Qxd4 11. Nxd4 a6 12. Bg5 Bd7 13. Rad1 Rc8 14. Bb3 Bc5 15. Rfe1 0-0 16. c3 Rfd8 17. Re3 Kf8 18. Red3 Be7 19. a4 h6 20. Be3 1/2-1/2

[Event "Oberliga NRW 0910"]
[Site "Germany"]
[Date "2010.04.25"]
[Round "9.7"]
[White "Wittenberg, Andreas"]
[Black "Emunds, Hans Georg"]
[Result "1/2-1/2"]
[WhiteElo "2183"]
[BlackElo "2220"]
[PlyCount "46"]
[EventDate "2009.09.20"]
[EventType "team-tourn"]
[EventRounds "9"]
[EventCountry "GER"]
[SourceTitle "EXT 2011"]
[Source "ChessBase"]
[SourceDate "2010.11.26"]
[SourceVersion "1"]
[SourceVersionDate "2010.11.26"]
[SourceQuality "1"]
[WhiteTeam "Muelheim Nord II"]
[BlackTeam "Muenster"]
[WhiteTeamCountry "GER"]
[BlackTeamCountry "GER"]

1. d4 Nf6 2. Nf3 b6 3. Bf4 Bb7 4. e3 g6 5. Nbd2 Bg7 6. h3 d6 7. c3 0-0 8. Be2 Re8 9. 0-0 Nc6 10. e4 e5 11. dxe5 Nxe5 12. Nxe5 dxe5 13. Bg5 h6 14. Bxf6 Qxf6 15. Qc2 Rad8 16. Rad1 h5 17. Bb5 Rf8 18. Rfe1 Bh6 19. Bc4 Qf4 20. Re3 Qh4 21. Nf3 Qf6 22. Ree1 Bc8 23. Qe2 Bf4 1/2-1/2

[Event "Muensterland-ch"]
[Site "Muenster"]
[Date "2010.04.04"]
[Round "5"]
[White "Monsma, Menno"]
[Black "Emunds, Hans Georg"]
[Result "1/2-1/2"]
[WhiteElo "2040"]
[BlackElo "2220"]
[PlyCount "47"]
[EventDate "2010.04.02"]
[EventType "swiss"]
[EventRounds "7"]
[EventCountry "GER"]
[SourceTitle "CBM 136 Extra"]
[Source "ChessBase"]
[SourceDate "2010.07.02"]
[SourceVersion "2"]
[SourceVersionDate "2010.07.15"]
[SourceQuality "1"]

1. Nf3 Nf6 2. g3 b5 3. Bg2 Bb7 4. 0-0 e6 5. d3 d6 6. e4 Nbd7 7. Re1 Be7 8. Nbd2 c5 9. b3 0-0 10. Bb2 Qb6 11. Qe2 a6 12. h3 Rfc8 13. Nh2 Ne5 14. Kh1 Nc6 15. c3 a5 16. f4 a4 17. g4 axb3 18. axb3 Rxa1 19. Rxa1 Ra8 20. Rxa8+ Bxa8 21. Qd1 Qa7 22. Qa1 Qxa1+ 23. Bxa1 e5 24. f5 1/2-1/2

[Event "Muensterland Verbandsliga 0910"]
[Site "Germany"]
[Date "2010.02.06"]
[Round "6.1"]
[White "Roescher, Mark"]
[Black "Emunds, Hans Georg"]
[Result "1/2-1/2"]
[WhiteElo "2021"]
[BlackElo "2073"]
[PlyCount "117"]
[EventDate "2009.09.26"]
[EventType "team-tourn"]
[EventRounds "9"]
[EventCountry "GER"]
[SourceTitle "EXT 2011"]
[Source "ChessBase"]
[SourceDate "2010.11.26"]
[SourceVersion "1"]
[SourceVersionDate "2010.11.26"]
[SourceQuality "1"]
[WhiteTeam "Heiden"]
[BlackTeam "Muenster II"]
[WhiteTeamCountry "GER"]
[BlackTeamCountry "GER"]

1. c4 b6 2. Nc3 Bb7 3. Nf3 e6 4. g3 Nf6 5. Bg2 Be7 6. 0-0 0-0 7. d4 Ne4 8. Qd3 Nxc3 9. bxc3 f5 10. d5 Na6 11. Nd4 Nc5 12. Qc2 Bd6 13. e4 fxe4 14. dxe6 dxe6 15. Ba3 Qf6 16. Bxc5 bxc5 17. Nb3 Rab8 18. Rae1 Qf5 19. Bxe4 Bxe4 20. Rxe4 Rf6 21. Qe2 Rbf8 22. Na5 Rh6 23. Nc6 Qh3 24. f4 g5 25. Qg2 gxf4 26. Qxh3 Rxh3 27. Kg2 Rh6 28. gxf4 Rf5 29. Rf3 Kf8 30. Nxa7 Rhf6 31. Rh3 h6 32. Nb5 Bxf4 33. Rd3 Rg6+ 34. Kh1 Be5 35. Rd1 Rh5 36. Re2 Rg4 37. Rde1 Bd6 38. Nxd6 cxd6 39. Rxe6 Rxc4 40. Rf6+ Kg7 41. Rxd6 Rxc3 42. Re7+ Kf8 43. Re2 Rg5 44. h4 Rg4 45. Rxh6 Kg7 46. Rh5 Kg6 47. Rg5+ Rxg5 48. hxg5 Kxg5 49. Kg2 Kf4 50. Kf2 Rh3 51. Ke1 Ra3 52. Kd1 Kf3 53. Re5 c4 54. Rc5 Ra4 55. Kc2 Rxa2+ 56. Kc3 Ra1 57. Kxc4 Rc1+ 58. Kb5 Rxc5+ 59. Kxc5 1/2-1/2